[Event "Madrid ch  2012-13 - Semifinal A"]
[Site "Madrid ESP"]
[Date "2013.03.11"]
[Round "1.1"]
[White "Ballesteros Gonzalez, David"]
[Black "Garcia Galeote, Lorenzo"]
[Result "0-1"]
[WhiteElo "2231"]
[BlackElo "1997"]
[PlyCount "116"]
[EventDate "2013.03.11"]
[EventType "swiss"]
[EventRounds "9"]
[EventCountry "ESP"]
[Source "lmi"]
[SourceDate "2013.03.11"]

1. d4 b6 2. e4 Bb7 3. Nd2 e6 4. g3 g6 5. Bg2 Bg7 6. Ne2 Ne7 7. O-O O-O 8. c4 d6
9. Qc2 Nd7 10. f4 f5 11. d5 e5 12. Nf3 h6 13. exf5 Nxf5 14. fxe5 dxe5 15. Nc3
Qe7 16. g4 Qc5+ 17. Kh1 Nd6 18. g5 e4 19. Nxe4 Qxc4 20. Nc3 Bxd5 21. Be3 hxg5
22. Qxg6 Ne5 23. Qh5 Bxf3 24. Rxf3 Nxf3 25. Bxf3 Rxf3 26. Qxf3 Rf8 27. Qd5+
Qxd5+ 28. Nxd5 Bxb2 29. Rg1 Ne4 30. Nxc7 Rf5 31. Ne6 Bf6 32. h4 Kf7 33. Nxg5+
Bxg5 34. hxg5 Kg6 35. Rg4 Nf2+ 36. Bxf2 Rxf2 37. Ra4 a5 38. Rd4 Kxg5 39. a4 Kf5
40. Kg1 Rb2 41. Kf1 Ke5 42. Rh4 Kd5 43. Rh5+ Kc4 44. Rh6 Rb4 45. Ke2 Kb3 46.
Kd3 Kxa4 47. Kc3 Rb3+ 48. Kc2 b5 49. Rh5 Rg3 50. Kb2 b4 51. Rh2 Rg5 52. Rh8
Rg2+ 53. Kb1 Ka3 54. Rh6 b3 55. Rh1 Rg4 56. Rf1 a4 57. Rh1 Kb4 58. Rh8 Rg1+ 0-1

[Event "Madrid ch  2012-13 - Semifinal A"]
[Site "Madrid ESP"]
[Date "2013.03.11"]
[Round "1.2"]
[White "Martos De La Vega, Alvar"]
[Black "Nieto De La Cruz, Julio"]
[Result "0-1"]
[WhiteElo "1973"]
[BlackElo "2111"]
[PlyCount "70"]
[EventDate "2013.03.11"]
[EventType "swiss"]
[EventRounds "9"]
[EventCountry "ESP"]
[Source "lmi"]
[SourceDate "2013.03.11"]

1. d4 g6 2. c4 Bg7 3. Nc3 d6 4. e4 Nc6 5. Be3 e5 6. d5 Nd4 7. Be2 c5 8. dxc6
bxc6 9. Nf3 c5 10. O-O Nf6 11. Nd2 h5 12. Bg5 Qd7 13. Rb1 Rb8 14. a3 a5 15. Nb5
Bb7 16. f3 h4 17. Re1 h3 18. g3 Nh7 19. Be3 f5 20. exf5 gxf5 21. Bf1 O-O 22.
Bxh3 Nxb5 23. cxb5 Qxb5 24. Bf1 Qc6 25. Nc4 f4 26. Nxa5 Qxf3 27. Nxb7 Qxb7 28.
Bc4+ Kh8 29. Bf2 Rf6 30. b4 Qa7 31. bxc5 Rxb1 32. Qxb1 fxg3 33. Be3 gxh2+ 34.
Kxh2 dxc5 35. Qb3 e4 0-1

[Event "Madrid ch  2012-13 - Semifinal A"]
[Site "Madrid ESP"]
[Date "2013.03.11"]
[Round "1.3"]
[White "Gonzalez Mateos, Rafael"]
[Black "Lopez Heras, Arturo"]
[Result "1-0"]
[WhiteElo "2110"]
[BlackElo "1946"]
[PlyCount "79"]
[EventDate "2013.03.11"]
[EventType "swiss"]
[EventRounds "9"]
[EventCountry "ESP"]
[Source "lmi"]
[SourceDate "2013.03.11"]

1. d4 c5 2. c3 cxd4 3. cxd4 g6 4. e4 Nf6 5. Nc3 d6 6. Nf3 Bg7 7. Be2 O-O 8. O-O
a6 9. Bg5 h6 10. Bxf6 Bxf6 11. Qb3 Nc6 12. Rfd1 Bg7 13. d5 Ne5 14. Nd4 Nd7 15.
Qc2 Qb6 16. Qd2 Nc5 17. Rab1 Bd7 18. Qe3 Qd8 19. f4 e5 20. dxe6 Nxe6 21. Nxe6
Bxe6 22. e5 Qa5 23. Rxd6 Rfc8 24. Bf3 Bf8 25. Bxb7 Rab8 26. Bxc8 Rxc8 27. Rbd1
Kg7 28. h3 Qb4 29. Qd2 Rc4 30. Ne2 Qc5+ 31. Nd4 Bxd6 32. exd6 Kh7 33. b3 Rc3
34. Kh2 Bd7 35. Re1 Qb4 36. Re3 Rxb3 37. Nxb3 Qxf4+ 38. Rg3 Qe4 39. Qd4 Qe2 40.
Nc5 1-0

[Event "Madrid ch  2012-13 - Semifinal A"]
[Site "Madrid ESP"]
[Date "2013.03.11"]
[Round "1.4"]
[White "Rosa Ramirez, Victor D"]
[Black "Alvarez Abejon, Amilcar"]
[Result "1-0"]
[WhiteElo "1945"]
[BlackElo "2095"]
[PlyCount "57"]
[EventDate "2013.03.11"]
[EventType "swiss"]
[EventRounds "9"]
[EventCountry "ESP"]
[Source "lmi"]
[SourceDate "2013.03.11"]

1. e4 Nf6 2. Nc3 e5 3. Bc4 Nc6 4. d3 Bb4 5. Nge2 d5 6. exd5 Nxd5 7. O-O Be6 8.
Bb5 O-O 9. a3 Nxc3 10. Nxc3 Bxc3 11. bxc3 Ne7 12. c4 c6 13. Ba4 b5 14. cxb5 Qd4
15. c3 Qxc3 16. Bd2 Qxd3 17. Bb4 Qxd1 18. Rfxd1 cxb5 19. Bxb5 Rfb8 20. Ba4 Rb7
21. Rac1 h6 22. h3 a5 23. Bc3 Rc8 24. Bxa5 Ra7 25. Rxc8+ Nxc8 26. Rd8+ Kh7 27.
Bc2+ f5 28. Bb4 Nb6 29. Rd6 1-0

[Event "Madrid ch  2012-13 - Semifinal A"]
[Site "Madrid ESP"]
[Date "2013.03.11"]
[Round "1.5"]
[White "Spitzer Isbert, Ramon"]
[Black "Pinel Mirasierra, Jose Pablo"]
[Result "1-0"]
[WhiteElo "2089"]
[BlackElo "1928"]
[PlyCount "85"]
[EventDate "2013.03.11"]
[EventType "swiss"]
[EventRounds "9"]
[EventCountry "ESP"]
[Source "lmi"]
[SourceDate "2013.03.11"]

1. Nf3 d5 2. g3 Nf6 3. Bg2 e6 4. c4 Be7 5. O-O Nbd7 6. cxd5 exd5 7. Nc3 O-O 8.
Nh4 Ne5 9. d4 Ng6 10. Nxg6 hxg6 11. Bg5 c6 12. Rc1 Bf5 13. Na4 Ne4 14. Bxe7
Qxe7 15. a3 Rfe8 16. Re1 Nd6 17. Nc5 g5 18. Rc3 Rad8 19. Rb3 b6 20. Nd3 Bxd3
21. Rxd3 Ne4 22. Qc1 Rc8 23. b4 Nd6 24. Rc3 Nc4 25. b5 Qf6 26. bxc6 Qxc6 27.
Qxg5 Rcd8 28. Rec1 b5 29. a4 a6 30. axb5 axb5 31. Rb1 Qd7 32. Bf3 Re6 33. Bg4
Qe7 34. Qxe7 Rxe7 35. Rxb5 Re4 36. Bf3 Rxd4 37. Rxd5 R4xd5 38. Bxd5 Ne5 39. e4
Rd7 40. Rc8+ Kh7 41. Kg2 g5 42. h3 f5 43. Be6 1-0

[Event "Madrid ch  2012-13 - Semifinal A"]
[Site "Madrid ESP"]
[Date "2013.03.11"]
[Round "1.6"]
[White "Santamaria Baeza, Adolfo"]
[Black "Cortes Jurado, Rafael"]
[Result "0-1"]
[WhiteElo "1891"]
[BlackElo "2085"]
[PlyCount "40"]
[EventDate "2013.03.11"]
[EventType "swiss"]
[EventRounds "9"]
[EventCountry "ESP"]
[Source "lmi"]
[SourceDate "2013.03.11"]

1. e4 e5 2. Nf3 Nf6 3. Nc3 Nc6 4. Bb5 Nd4 5. Ba4 c6 6. O-O Bc5 7. d3 d6 8. Nxd4
Bxd4 9. Bg5 h6 10. Bh4 g5 11. Bg3 h5 12. h4 Ng4 13. hxg5 h4 14. Bh2 Qxg5 15.
Qc1 Qg7 16. Ne2 Rg8 17. g3 Nxh2 18. Kxh2 hxg3+ 19. fxg3 Qh7+ 20. Kg2 Qh3+ 0-1

[Event "Madrid ch  2012-13 - Semifinal A"]
[Site "Madrid ESP"]
[Date "2013.03.11"]
[Round "1.7"]
[White "Arauz Alonso, Fernando"]
[Black "Dierssen Garcia-Barredo, Guill"]
[Result "1-0"]
[WhiteElo "2084"]
[BlackElo "1887"]
[PlyCount "93"]
[EventDate "2013.03.11"]
[EventType "swiss"]
[EventRounds "9"]
[EventCountry "ESP"]
[Source "lmi"]
[SourceDate "2013.03.11"]

1. d4 Nf6 2. Nf3 e6 3. e3 c5 4. Bd3 d5 5. b3 b6 6. Nbd2 Bb7 7. Bb2 Be7 8. O-O
O-O 9. Ne5 Nbd7 10. f4 Ne4 11. Nxe4 dxe4 12. Bc4 Nxe5 13. dxe5 Qxd1 14. Rfxd1
Rfd8 15. Kf2 Rxd1 16. Rxd1 Rd8 17. Ke2 Rxd1 18. Kxd1 h5 19. Bc3 Kf8 20. a4 a5
21. Be2 g6 22. Be1 Bc6 23. h3 h4 24. g3 hxg3 25. Bxg3 Kg7 26. Ke1 Bd8 27. Kf1
Be7 28. Kg1 Bd8 29. Kg2 Be7 30. h4 Kh6 31. Kh3 Bd8 32. h5 gxh5 33. Bh4 Bxh4 34.
Kxh4 Kg6 35. Bxh5+ Kg7 36. Kg5 c4 37. Be2 cxb3 38. cxb3 Bd5 39. Bc4 Bc6 40. Ba6
Bd5 41. Bc4 Bc6 42. f5 exf5 43. Kxf5 Bb7 44. e6 Bc8 45. Kxe4 fxe6 46. Ke5 Kf7
47. Kd6 1-0

[Event "Madrid ch  2012-13 - Semifinal A"]
[Site "Madrid ESP"]
[Date "2013.03.11"]
[Round "1.8"]
[White "Martin-Consuegra Barrilero, Francisco Javier"]
[Black "Lopez De Turiso, Jose Angel"]
[Result "0-1"]
[WhiteElo "1886"]
[BlackElo "2066"]
[PlyCount "106"]
[EventDate "2013.03.11"]
[EventType "swiss"]
[EventRounds "9"]
[EventCountry "ESP"]
[Source "lmi"]
[SourceDate "2013.03.11"]

1. d4 d5 2. Bf4 c5 3. e3 Nc6 4. c3 cxd4 5. exd4 Bf5 6. Nf3 e6 7. Qb3 Qb6 8.
Nbd2 Nge7 9. Qxb6 axb6 10. Bc7 Nc8 11. Be2 Bd6 12. Bxd6 Nxd6 13. O-O b5 14. a3
h6 15. b3 O-O 16. c4 bxc4 17. bxc4 dxc4 18. Nxc4 Nxc4 19. Bxc4 Rfd8 20. Rfe1
Nxd4 21. Nxd4 Rxd4 22. Bb5 Ra5 23. Bf1 Kf8 24. Rec1 Ke7 25. Rc3 Be4 26. Re1 Bc6
27. f3 Rd2 28. Ree3 Kd6 29. Red3+ Rd5 30. Rxd2 Rxd2 31. h4 Ke5 32. Kh2 Kd4 33.
Rc4+ Kd5 34. Rc3 Kd6 35. Kg3 Rb2 36. Bd3 f5 37. Bc2 Ke7 38. Kf4 Kf6 39. g3 e5+
40. Ke3 g6 41. f4 Ke6 42. Bb3+ Kf6 43. Bc2 Rb6 44. fxe5+ Kxe5 45. h5 g5 46.
Rc5+ Bd5 47. a4 f4+ 48. gxf4+ gxf4+ 49. Kd2 Kd4 50. Rb5 Rxb5 51. axb5 b6 52.
Bg6 Bc4 53. Be8 f3 0-1

[Event "Madrid ch  2012-13 - Semifinal A"]
[Site "Madrid ESP"]
[Date "2013.03.11"]
[Round "1.9"]
[White "Gonzalez Perez, Pedro"]
[Black "Perez Cameselle, Francisco Jose"]
[Result "1/2-1/2"]
[WhiteElo "2040"]
[BlackElo "1875"]
[PlyCount "102"]
[EventDate "2013.03.11"]
[EventType "swiss"]
[EventRounds "9"]
[EventCountry "ESP"]
[Source "lmi"]
[SourceDate "2013.03.11"]

1. d4 Nf6 2. c4 c5 3. d5 e6 4. Nc3 exd5 5. cxd5 d6 6. e4 g6 7. Bd3 Bg7 8. Nge2
O-O 9. O-O Re8 10. Ng3 Na6 11. h3 Nc7 12. a4 b6 13. f4 Rb8 14. Qf3 a6 15. Bd2
b5 16. axb5 axb5 17. e5 b4 18. Nce4 Nxe4 19. Nxe4 dxe5 20. d6 Ne6 21. fxe5 Bxe5
22. Qxf7+ Kh8 23. Ra7 Nf8 24. Bg5 Bd4+ 25. Kh1 Be6 26. Bxd8 Bxf7 27. Bc7 Bd5
28. Bxb8 Rxb8 29. Ra4 Nd7 30. Rc1 Bxe4 31. Bxe4 Bxb2 32. Rd1 c4 33. Ra7 Ne5 34.
Bd5 Rd8 35. d7 c3 36. Bb3 Kg7 37. Rb7 Ba3 38. Rf1 h6 39. Rc7 c2 40. Bxc2 Rxd7
41. Rxd7+ Nxd7 42. g3 Nc5 43. Rf3 Bb2 44. Kg2 Bc3 45. Kf1 g5 46. Ke2 Ne6 47.
Kd3 Nd4 48. Re3 Nf5 49. Rf3 Nd4 50. Re3 Nf5 51. Rf3 Nd4 1/2-1/2

[Event "Madrid ch  2012-13 - Semifinal A"]
[Site "Madrid ESP"]
[Date "2013.03.11"]
[Round "1.10"]
[White "Cano Mercado, Francisco Manuel"]
[Black "Mansilla Tolosa, Luis"]
[Result "0-1"]
[WhiteElo "1870"]
[BlackElo "2036"]
[PlyCount "65"]
[EventDate "2013.03.11"]
[EventType "swiss"]
[EventRounds "9"]
[EventCountry "ESP"]
[Source "lmi"]
[SourceDate "2013.03.11"]

1. d4 d5 2. Nf3 Nf6 3. Bg5 Bf5 4. Nbd2 e6 5. e3 Be7 6. Be2 Nbd7 7. O-O h6 8.
Bxf6 Bxf6 9. c4 O-O 10. Qb3 c5 11. cxd5 cxd4 12. exd4 Nb6 13. dxe6 Bxe6 14. Qd3
Re8 15. Rfe1 g6 16. Bf1 Bf5 17. Rxe8+ Qxe8 18. Qb5 Qxb5 19. Bxb5 Rd8 20. Nb3 a6
21. Be2 Na4 22. Nc5 Nxc5 23. dxc5 Bxb2 24. Rd1 Rc8 25. Nh4 Bc2 26. Rd7 Bf6 27.
Nf3 Rxc5 28. Rxb7 Be4 29. Rb8+ Kg7 30. Nd2 Rc2 31. Nxe4 Rxe2 32. f3 Rxa2 33.
Nxf6 0-1

[Event "Madrid ch  2012-13 - Semifinal A"]
[Site "Madrid ESP"]
[Date "2013.03.11"]
[Round "1.11"]
[White "Martin Martin, Luis Vicente"]
[Black "Morera Rodriguez, Ignacio"]
[Result "1-0"]
[WhiteElo "2030"]
[BlackElo "1866"]
[PlyCount "77"]
[EventDate "2013.03.11"]
[EventType "swiss"]
[EventRounds "9"]
[EventCountry "ESP"]
[Source "lmi"]
[SourceDate "2013.03.11"]

1. e4 c5 2. Nf3 d6 3. d4 Nf6 4. Nc3 cxd4 5. Qxd4 Nc6 6. Bb5 Bd7 7. Bxc6 Bxc6 8.
Bg5 e6 9. O-O-O Be7 10. Rhe1 O-O 11. e5 dxe5 12. Qh4 Qc7 13. Nxe5 Nd5 14. Bxe7
Nxe7 15. Rd7 Qxe5 16. Rxe5 Ng6 17. Qg3 Bxd7 18. Re1 Bc6 19. h4 Ne7 20. f3 Rad8
21. Qf2 Nd5 22. Nxd5 Bxd5 23. b3 b5 24. h5 h6 25. g4 f6 26. f4 Rc8 27. Kb2 Rc7
28. Qd2 Bf3 29. Rg1 Be4 30. c3 g5 31. hxg6 Bxg6 32. Qh2 Rh7 33. f5 Bf7 34. Qd6
Re8 35. Re1 exf5 36. Rxe8+ Bxe8 37. Qd8 fxg4 38. Qxe8+ Kg7 39. Qd7+ 1-0

[Event "Madrid ch  2012-13 - Semifinal A"]
[Site "Madrid ESP"]
[Date "2013.03.11"]
[Round "1.14"]
[White "Elissalt Cardenas, Hector"]
[Black "Baeza Escudero, Javier"]
[Result "1-0"]
[WhiteElo "2374"]
[BlackElo "2015"]
[PlyCount "89"]
[EventDate "2013.03.11"]
[EventType "swiss"]
[EventRounds "9"]
[EventCountry "ESP"]
[Source "lmi"]
[SourceDate "2013.03.11"]

1. d4 d5 2. Nc3 Nf6 3. Bg5 Nbd7 4. f4 g6 5. e3 Bg7 6. Be2 b6 7. Nf3 Bb7 8. Ne5
O-O 9. O-O c5 10. Qe1 Ne8 11. Bh4 Nd6 12. Bf3 Nf5 13. Bf2 Nf6 14. Rd1 cxd4 15.
exd4 Rc8 16. Be3 Nd6 17. Rf2 b5 18. a4 a6 19. axb5 axb5 20. Na2 Nfe4 21. Re2
Ra8 22. Nb4 Qc7 23. c3 f6 24. Ned3 e6 25. Kh1 Rfe8 26. Bg1 Re7 27. Nc5 Nxc5 28.
dxc5 Ne4 29. c6 Bxc6 30. Nxc6 Qxc6 31. Rxe4 dxe4 32. Bxe4 Qc8 33. Bxa8 Qxa8 34.
Rd6 e5 35. Qd1 Qe4 36. Rd8+ Kf7 37. Bc5 Rb7 38. fxe5 fxe5 39. Rd7+ Ke6 40. Rd6+
Kf5 41. Rd3 Bh6 42. Kg1 Qc4 43. b4 Ke6 44. Rd6+ Kf7 45. Qf3+ 1-0

[Event "Madrid ch  2012-13 - Semifinal A"]
[Site "Madrid ESP"]
[Date "2013.03.11"]
[Round "1.15"]
[White "Fuentes Arjona, Antonio"]
[Black "Hernandez Garcia, Carlos"]
[Result "1-0"]
[WhiteElo "2013"]
[BlackElo "2025"]
[PlyCount "133"]
[EventDate "2013.03.11"]
[EventType "swiss"]
[EventRounds "9"]
[EventCountry "ESP"]
[Source "lmi"]
[SourceDate "2013.03.11"]

1. e4 c5 2. Nf3 d6 3. d4 cxd4 4. Nxd4 Nf6 5. Nc3 e6 6. Be3 Be7 7. Be2 a6 8. a4
Nc6 9. O-O O-O 10. Kh1 Qc7 11. Nb3 b6 12. f4 Bb7 13. Bf3 Rad8 14. Qe1 d5 15. e5
Nd7 16. Qf2 f6 17. Nd4 Nxd4 18. Bxd4 fxe5 19. fxe5 Bc5 20. Rae1 Rf5 21. Qe3
Bxd4 22. Qxd4 Nxe5 23. Bg4 Rxf1+ 24. Rxf1 Nxg4 25. Qxg4 Qd6 26. Rd1 Rf8 27. h3
Rf4 28. Qh5 g6 29. Qg5 Rf5 30. Qd2 Qf8 31. Qe2 Qf7 32. Re1 e5 33. Kg1 e4 34.
Qe3 Qf6 35. Rd1 Qc6 36. Rd4 Qf6 37. Rd1 Kg7 38. b3 Qc6 39. Rd4 Bc8 40. Rd2 Be6
41. Ne2 Qc5 42. Nd4 Rf6 43. Nxe6+ Rxe6 44. Qxc5 bxc5 45. Rxd5 Kf6 46. Rxc5 Rd6
47. Kf2 Ke6 48. Ke3 Kf6 49. Kxe4 Rd2 50. Kf3 a5 51. Rxa5 Rxc2 52. Rb5 Rc3+ 53.
Kf2 Rc2+ 54. Kg1 g5 55. Kh2 Kg6 56. a5 Ra2 57. Rb6+ Kf5 58. a6 h5 59. b4 g4 60.
hxg4+ hxg4 61. Rb5+ Kf4 62. Ra5 g3+ 63. Kh3 Rd2 64. Ra4 Rd8 65. b5+ Ke3 66.
Kxg3 Rg8+ 67. Rg4 1-0

[Event "Madrid ch  2012-13 - Semifinal A"]
[Site "Madrid ESP"]
[Date "2013.03.11"]
[Round "1.16"]
[White "Saber, Salah"]
[Black "Gomez Ferrer, Jesus"]
[Result "0-1"]
[WhiteElo "1863"]
[BlackElo "2001"]
[PlyCount "38"]
[EventDate "2013.03.11"]
[EventType "swiss"]
[EventRounds "9"]
[EventCountry "ESP"]
[Source "lmi"]
[SourceDate "2013.03.11"]

1. e4 e5 2. Nf3 Nf6 3. Nc3 Bb4 4. Bc4 O-O 5. d3 c6 6. O-O d5 7. exd5 cxd5 8.
Bb3 Bxc3 9. bxc3 Qe7 10. Bg5 Nbd7 11. Qd2 b5 12. a4 bxa4 13. Bxa4 Bb7 14. h3
Rfc8 15. Bxf6 Nxf6 16. Qg5 e4 17. Nd4 h6 18. Qd2 a6 19. c4 dxc4 0-1

[Event "Madrid ch  2012-13 - Semifinal A"]
[Site "Madrid ESP"]
[Date "2013.03.12"]
[Round "2.1"]
[White "Nieto De La Cruz, Julio"]
[Black "Martin Martin, Luis Vicente"]
[Result "1-0"]
[WhiteElo "2111"]
[BlackElo "2030"]
[PlyCount "57"]
[EventDate "2013.03.11"]
[EventType "swiss"]
[EventRounds "9"]
[EventCountry "ESP"]
[Source "lmi"]
[SourceDate "2013.03.11"]

1. d4 d5 2. Nf3 Nf6 3. e3 Bf5 4. c4 c6 5. Nbd2 e6 6. Nh4 Bg6 7. Be2 Nbd7 8. O-O
Bd6 9. c5 Bc7 10. g3 O-O 11. b4 a5 12. b5 cxb5 13. Nxg6 hxg6 14. Bxb5 e5 15. f4
exd4 16. exd4 Nb8 17. Qa4 Qe7 18. Rb1 Ng4 19. Nf3 Qf6 20. Bd7 Nh6 21. Rxb7 Na6
22. Ne5 Nf5 23. Bb5 Nxc5 24. dxc5 Bxe5 25. fxe5 Qxe5 26. Bf4 Qc3 27. Rc1 Qf3
28. Qb3 Qe4 29. Qd3 1-0

[Event "Madrid ch  2012-13 - Semifinal A"]
[Site "Madrid ESP"]
[Date "2013.03.12"]
[Round "2.2"]
[White "De La Puerta Cresis, Javier"]
[Black "Gonzalez Mateos, Rafael"]
[Result "1-0"]
[WhiteElo "2019"]
[BlackElo "2110"]
[PlyCount "111"]
[EventDate "2013.03.11"]
[EventType "swiss"]
[EventRounds "9"]
[EventCountry "ESP"]
[Source "lmi"]
[SourceDate "2013.03.11"]

1. e4 e6 2. d4 d5 3. Nd2 a6 4. Ngf3 c5 5. c3 cxd4 6. Nxd4 dxe4 7. Bc4 Nf6 8.
O-O b5 9. Bb3 Bc5 10. a4 b4 11. Nc4 O-O 12. Be3 bxc3 13. bxc3 Qc7 14. Bg5 Be7
15. a5 Nbd7 16. Qd2 Bb7 17. Bf4 Qc5 18. Be3 Qc7 19. Bf4 e5 20. Nf5 exf4 21.
Nxe7+ Kh8 22. Qd6 Qd8 23. Rfd1 f3 24. Nf5 fxg2 25. Qg3 g6 26. Nfd6 Bd5 27. Qg5
Be6 28. Ba4 Bxc4 29. Nxc4 Qc7 30. Rd4 Kg7 31. Rad1 Nc5 32. Rd6 Ne6 33. Rxe6
fxe6 34. Nb6 Rad8 35. Rxd8 Rxd8 36. c4 Rd3 37. c5 Nd5 38. c6 Nf4 39. Qc5 Rc3
40. Qxc3+ e5 41. Qd2 Nd3 42. Nd5 Qc8 43. Qg5 Ne1 44. Qe7+ Kh6 45. Qd7 Qb8 46.
Nb6 Nf3+ 47. Kxg2 Nh4+ 48. Kf1 e3 49. Qh3 g5 50. Qe6+ Ng6 51. Qh3+ Nh4 52. Qxe3
Qd6 53. Nc4 Qd5 54. Nxe5 Qa2 55. c7 Qe6 56. Bd7 1-0

[Event "Madrid ch  2012-13 - Semifinal A"]
[Site "Madrid ESP"]
[Date "2013.03.12"]
[Round "2.3"]
[White "Gomez Ferrer, Jesus"]
[Black "Spitzer Isbert, Ramon"]
[Result "1-0"]
[WhiteElo "2001"]
[BlackElo "2089"]
[PlyCount "81"]
[EventDate "2013.03.11"]
[EventType "swiss"]
[EventRounds "9"]
[EventCountry "ESP"]
[Source "lmi"]
[SourceDate "2013.03.11"]

1. d4 Nf6 2. c4 e6 3. Nf3 b6 4. g3 Bb7 5. Bg2 Bb4+ 6. Bd2 c5 7. dxc5 Bxc5 8.
O-O O-O 9. Nc3 Ne4 10. Nxe4 Bxe4 11. b4 Be7 12. Bc3 f5 13. Qb3 Bf6 14. Rfd1
Bxc3 15. Qxc3 Qc7 16. Rac1 Nc6 17. c5 Ne7 18. a3 Rac8 19. Qd2 Nd5 20. c6 dxc6
21. Nd4 Bxg2 22. Kxg2 Qd6 23. b5 cxb5 24. Rxc8 Rxc8 25. Nxe6 Ne3+ 26. fxe3 Qxe6
27. Kf2 Qh6 28. Qd5+ Kf8 29. Qxf5+ Qf6 30. Qxf6+ gxf6 31. Rd7 a5 32. Rd6 Rb8
33. Rxf6+ Ke7 34. Rh6 b4 35. axb4 a4 36. Rxh7+ Kd6 37. Ra7 b5 38. e4 Re8 39.
Ra5 Kc6 40. h4 Kb6 41. h5 1-0

[Event "Madrid ch  2012-13 - Semifinal A"]
[Site "Madrid ESP"]
[Date "2013.03.12"]
[Round "2.4"]
[White "Cortes Jurado, Rafael"]
[Black "Lorenzo Bailador, Alfredo"]
[Result "1/2-1/2"]
[WhiteElo "2085"]
[BlackElo "2016"]
[PlyCount "129"]
[EventDate "2013.03.11"]
[EventType "swiss"]
[EventRounds "9"]
[EventCountry "ESP"]
[Source "lmi"]
[SourceDate "2013.03.11"]

1. d4 d5 2. c4 e6 3. Nc3 Be7 4. Nf3 Nf6 5. Bf4 O-O 6. e3 c5 7. dxc5 Bxc5 8.
cxd5 Nxd5 9. Nxd5 exd5 10. Bd3 Bb4+ 11. Ke2 Nc6 12. Bc2 Re8 13. Qd3 g6 14. Nd4
Qf6 15. Kf1 Bf8 16. Bg3 Bg7 17. Ba4 Nxd4 18. exd4 Bf5 19. Qb3 Re7 20. Be5 Qa6+
21. Bb5 Qb6 22. Re1 a6 23. Bxg7 Rxe1+ 24. Kxe1 Kxg7 25. Be2 Qxd4 26. Qc3 Qxc3+
27. bxc3 h5 28. Kd2 Rc8 29. Bf3 Rc5 30. Re1 Kf6 31. Re8 Ra5 32. a4 Bd7 33. Rb8
Bc6 34. Bd1 Rc5 35. Kd3 Rc4 36. Bb3 Re4 37. Rd8 Ke7 38. Bxd5 Rxa4 39. Bxc6 bxc6
40. Rc8 Kd7 41. Rf8 Ke7 42. Rc8 Kd7 43. Rf8 Rf4 44. Ke3 Rf5 45. Ra8 a5 46. h3
Re5+ 47. Kd3 Rd5+ 48. Ke3 Re5+ 49. Kd3 Kd6 50. Ra7 Rf5 51. Ke3 Re5+ 52. Kd3
Rd5+ 53. Ke3 Ke6 54. Rc7 Re5+ 55. Kd3 Rd5+ 56. Kc4 Rd2 57. Rxc6+ Ke7 58. Rc7+
Ke6 59. Rc6+ Ke7 60. Rc7+ Kf8 61. f4 Rxg2 62. f5 Rg3 63. f6 Ke8 64. Re7+ Kf8
65. Rd7 1/2-1/2

[Event "Madrid ch  2012-13 - Semifinal A"]
[Site "Madrid ESP"]
[Date "2013.03.12"]
[Round "2.5"]
[White "Garcia Galeote, Lorenzo"]
[Black "Arauz Alonso, Fernando"]
[Result "1/2-1/2"]
[WhiteElo "1997"]
[BlackElo "2084"]
[PlyCount "28"]
[EventDate "2013.03.11"]
[EventType "swiss"]
[EventRounds "9"]
[EventCountry "ESP"]
[Source "lmi"]
[SourceDate "2013.03.11"]

1. d4 d5 2. c4 c6 3. cxd5 cxd5 4. Nf3 Nf6 5. Nc3 Nc6 6. Bf4 a6 7. e3 Bg4 8. h3
Bxf3 9. Qxf3 e6 10. Bd3 Bd6 11. Bxd6 Qxd6 12. O-O O-O 13. Rac1 Rac8 14. Qe2 Rc7
1/2-1/2

[Event "Madrid ch  2012-13 - Semifinal A"]
[Site "Madrid ESP"]
[Date "2013.03.12"]
[Round "2.6"]
[White "Lopez De Turiso, Jose Angel"]
[Black "Fuentes Arjona, Antonio"]
[Result "1-0"]
[WhiteElo "2066"]
[BlackElo "2013"]
[PlyCount "115"]
[EventDate "2013.03.11"]
[EventType "swiss"]
[EventRounds "9"]
[EventCountry "ESP"]
[Source "lmi"]
[SourceDate "2013.03.11"]

1. d4 Nf6 2. c4 e5 3. Nf3 e4 4. Nfd2 d5 5. e3 c6 6. b3 Na6 7. cxd5 cxd5 8. Bxa6
bxa6 9. Ba3 Bxa3 10. Nxa3 Qd6 11. Qc1 O-O 12. h3 Bd7 13. O-O Rfc8 14. Qb2 Qb4
15. Rac1 a5 16. Rxc8+ Rxc8 17. Rc1 a4 18. Rxc8+ Bxc8 19. Nab1 axb3 20. Qxb3 a5
21. a3 Qd6 22. Qc3 Qa6 23. Nb3 a4 24. Nc5 Qb5 25. Qb4 Qxb4 26. axb4 Bd7 27. Na3
Kf8 28. b5 Ke7 29. Nxa4 Kd6 30. Kf1 Kc7 31. Ke1 Ne8 32. Kd2 Nd6 33. Nc3 Be6 34.
Nc2 Nc4+ 35. Kc1 f5 36. Nb4 Kd6 37. h4 h6 38. Kc2 g5 39. hxg5 hxg5 40. g3 f4
41. gxf4 gxf4 42. exf4 e3 43. fxe3 Nxe3+ 44. Kb3 Bf5 45. Ka4 Be4 46. Ka5 Nf5
47. Ka6 Nxd4 48. b6 Nb3 49. Ka7 Nc5 50. Nb5+ Kd7 51. Nd4 Kc8 52. Ne6 Nb7 53.
Nd4 Nc5 54. f5 Nd7 55. b7+ Kc7 56. f6 Kd8 57. Ndc6+ Ke8 58. Ne5 1-0

[Event "Madrid ch  2012-13 - Semifinal A"]
[Site "Madrid ESP"]
[Date "2013.03.12"]
[Round "2.8"]
[White "Perez Cameselle, Francisco Jose"]
[Black "Rosa Ramirez, Victor D"]
[Result "1/2-1/2"]
[WhiteElo "1875"]
[BlackElo "1945"]
[PlyCount "67"]
[EventDate "2013.03.11"]
[EventType "swiss"]
[EventRounds "9"]
[EventCountry "ESP"]
[Source "lmi"]
[SourceDate "2013.03.11"]

1. Nf3 d5 2. g3 Nf6 3. Bg2 c6 4. O-O Bg4 5. h3 Bh5 6. d3 Nbd7 7. Nbd2 e6 8. e4
dxe4 9. dxe4 Qc7 10. Qe2 Be7 11. Re1 e5 12. a4 O-O 13. g4 Bg6 14. Nh4 a5 15.
Nxg6 hxg6 16. Nc4 Nb6 17. Be3 Nfd7 18. Nxb6 Nxb6 19. b3 g5 20. Red1 Rfd8 21.
Bf1 Nd7 22. Qc4 Nf8 23. Be2 Rd6 24. Rxd6 Qxd6 25. Rd1 Qh6 26. Kg2 Ne6 27. Rd7
Qf6 28. Rxb7 Rd8 29. Rb6 Rd6 30. Ra6 Bd8 31. Kg1 Nf4 32. Bxf4 gxf4 33. Qc3 Kh7
34. Kg2 1/2-1/2

[Event "Madrid ch  2012-13 - Semifinal A"]
[Site "Madrid ESP"]
[Date "2013.03.12"]
[Round "2.9"]
[White "Alvarez Abejon, Amilcar"]
[Black "Gonzalez Perez, Pedro"]
[Result "1/2-1/2"]
[WhiteElo "2095"]
[BlackElo "2040"]
[PlyCount "40"]
[EventDate "2013.03.11"]
[EventType "swiss"]
[EventRounds "9"]
[EventCountry "ESP"]
[Source "lmi"]
[SourceDate "2013.03.11"]

1. d4 f5 2. Qd3 d5 3. Bf4 Nf6 4. Nf3 e6 5. e3 Bd6 6. c4 c6 7. Bxd6 Qxd6 8. Nbd2
O-O 9. c5 Qe7 10. Ne5 Bd7 11. b4 Be8 12. Be2 Nbd7 13. f4 Nxe5 14. dxe5 Ne4 15.
Nxe4 fxe4 16. Qc3 g5 17. g3 a6 18. O-O-O a5 19. a3 Bg6 20. Kb2 Rab8 1/2-1/2